[Event "Teteven op 32nd"]
[Site "Teteven"]
[Date "2018.08.19"]
[Round "9"]
[White "Babatov, Martin"]
[Black "Yordanov, Ivan Y"]
[Result "1/2-1/2"]
[WhiteElo "1746"]
[BlackElo "1624"]
[PlyCount "31"]
[EventDate "2018.08.11"]
[EventType "swiss"]
[EventRounds "9"]
[EventCountry "BUL"]
[SourceTitle "CBM 186 Extra"]
[Source "ChessBase"]
[SourceDate "2018.08.24"]
[SourceVersion "1"]
[SourceVersionDate "2018.08.24"]
[SourceQuality "1"]

1. d4 Nf6 2. Bf4 g6 3. e3 Bg7 4. Nf3 0-0 5. Be2 d6 6. 0-0 Nh5 7. Bg3 Nxg3 8. hxg3 Nc6 9. c3 e5 10. dxe5 Nxe5 11. Nxe5 dxe5 12. Nd2 Be6 13. Nf3 Qe7 14. Qa4 Rfd8 15. Rfd1 a6 16. e4 1/2-1/2

[Event "Teteven op 32nd"]
[Site "Teteven"]
[Date "2018.08.13"]
[Round "3"]
[White "Babatov, Martin"]
[Black "Mladenov, Emil"]
[Result "0-1"]
[WhiteElo "1746"]
[BlackElo "2028"]
[PlyCount "98"]
[EventDate "2018.08.11"]
[EventType "swiss"]
[EventRounds "9"]
[EventCountry "BUL"]
[SourceTitle "CBM 186 Extra"]
[Source "ChessBase"]
[SourceDate "2018.08.24"]
[SourceVersion "1"]
[SourceVersionDate "2018.08.24"]
[SourceQuality "1"]

1. d4 g6 2. c4 d6 3. e4 e5 4. Be3 Nc6 5. d5 Nce7 6. Bd3 f5 7. f3 Nf6 8. h3 c5 9. Nc3 Bg7 10. Nge2 a6 11. a4 Bd7 12. Qc1 0-0 13. Bh6 f4 14. Bxg7 Kxg7 15. Kd2 g5 16. b3 Ng6 17. Qe1 Nh4 18. Qf2 Nh5 19. Rhg1 h6 20. Bc2 Rf7 21. Bd3 Qf6 22. Bc2 Kf8 23. Bd3 Ke7 24. Bc2 Rg8 25. Rh1 Ng7 26. Rag1 h5 27. Bd3 Rh8 28. Bc2 g4 29. hxg4 hxg4 30. Bd3 Rh5 31. Kc2 Qh6 32. Nc1 Ne8 33. Be2 Nf6 34. Qf1 Rh7 35. Kb2 Ng6 36. Rxh5 Nxh5 37. Rh1 Qg5 38. Nd3 Kf6 39. Qd1 Nh4 40. Qg1 Ng3 41. Rh2 Nxe2 42. Nxe2 gxf3 43. gxf3 Nxf3 44. Rxh7 Nxg1 45. Nxg1 Qg2+ 46. Kc3 Bg4 47. Rh6+ Kg5 48. Rxd6 Qxg1 49. Rd8 Qd4+ 0-1

[Event "Sofia MGU rapid 7th"]
[Site "Sofia"]
[Date "2018.03.25"]
[Round "5"]
[White "Nikolic, Boban"]
[Black "Babatov, Martin"]
[Result "1-0"]
[WhiteElo "2220"]
[BlackElo "1619"]
[PlyCount "97"]
[EventDate "2018.03.25"]
[EventType "swiss (rapid)"]
[EventRounds "8"]
[EventCountry "BUL"]
[SourceTitle "CBM 183 Extra"]
[Source "ChessBase"]
[SourceDate "2018.04.19"]
[SourceVersion "1"]
[SourceVersionDate "2018.04.19"]
[SourceQuality "1"]

1. Nf3 c6 2. c4 Nf6 3. g3 d5 4. Bg2 Bf5 5. cxd5 cxd5 6. Qb3 Qc7 7. Nc3 e6 8. d3 Nc6 9. 0-0 Be7 10. Bf4 Qd7 11. Rac1 0-0 12. Ne5 Nxe5 13. Bxe5 Rac8 14. e4 dxe4 15. dxe4 Bg4 16. h3 Bh5 17. g4 Bg6 18. Rfd1 Qc6 19. Nd5 exd5 20. Rxc6 bxc6 21. exd5 cxd5 22. Qb7 Bc5 23. Bxf6 gxf6 24. Qxd5 Bb6 25. Bf3 Rc2 26. Rd2 Rfc8 27. Rxc2 Rxc2 28. b4 Rxf2 29. Kh1 Rf1+ 30. Kg2 Rf2+ 31. Kh1 Rf1+ 32. Kh2 Rf2+ 33. Kg3 Rc2 34. Be4 Rc3+ 35. Kg2 Re3 36. Bxg6 hxg6 37. a4 Re2+ 38. Kf1 Rf2+ 39. Ke1 Rh2 40. a5 Be3 41. b5 Kg7 42. Qd6 Rxh3 43. b6 axb6 44. axb6 Rh8 45. g5 Bxg5 46. b7 Re8+ 47. Kf1 Bd2 48. Qxd2 Rb8 49. Qd7 1-0

[Event "Sofia MGU blitz 23rd"]
[Site "Sofia"]
[Date "2018.03.10"]
[Round "4"]
[White "Babatov, Martin"]
[Black "Petkov, Rostislav"]
[Result "0-1"]
[WhiteElo "1578"]
[BlackElo "1849"]
[PlyCount "98"]
[EventDate "2018.03.10"]
[EventType "tourn (blitz)"]
[EventRounds "9"]
[EventCountry "BUL"]
[SourceTitle "CBM 183 Extra"]
[Source "ChessBase"]
[SourceDate "2018.04.19"]
[SourceVersion "1"]
[SourceVersionDate "2018.04.19"]
[SourceQuality "1"]

1. g3 e5 2. Bg2 Nc6 3. e3 g6 4. Ne2 Bg7 5. 0-0 d6 6. c3 Be6 7. d4 exd4 8. exd4 d5 9. Nd2 Qd7 10. Nf4 0-0-0 11. Nxe6 fxe6 12. Nf3 Nf6 13. Bf4 Nh5 14. Be5 Bxe5 15. Nxe5 Nxe5 16. dxe5 Qb5 17. Qb3 Qb6 18. Qxb6 axb6 19. a4 c6 20. a5 Kc7 21. axb6+ Kxb6 22. Ra2 Ra8 23. Rfa1 Rxa2 24. Rxa2 Ng7 25. g4 Rf8 26. f3 Rd8 27. Kf2 Ne8 28. Ke3 c5 29. Bf1 Nc7 30. Ra3 d4+ 31. cxd4 Rxd4 32. b3 Rd1 33. Bc4 Rh1 34. Ra2 g5 35. f4 gxf4+ 36. Kxf4 Rd1 37. Kg5 Re1 38. Kf6 Kc6 39. Bxe6 Rf1+ 40. Ke7 Rf4 41. Bd7+ Kb6 42. h3 Nd5+ 43. Ke6 Nb4 44. Rd2 Rf3 45. Rd6+ Kc7 46. Ke7 Nd3 47. e6 Ne5 48. Ba4 Ng6+ 49. Ke8 Rf8# 0-1

[Event "Sofia MGU blitz 23rd"]
[Site "Sofia"]
[Date "2018.03.10"]
[Round "6"]
[White "Bakalov, Vladimir"]
[Black "Babatov, Martin"]
[Result "0-1"]
[WhiteElo "1387"]
[BlackElo "1578"]
[PlyCount "124"]
[EventDate "2018.03.10"]
[EventType "tourn (blitz)"]
[EventRounds "9"]
[EventCountry "BUL"]
[SourceTitle "CBM 183 Extra"]
[Source "ChessBase"]
[SourceDate "2018.04.19"]
[SourceVersion "1"]
[SourceVersionDate "2018.04.19"]
[SourceQuality "1"]

1. b4 c6 2. Bb2 Nf6 3. e3 d5 4. a3 Bf5 5. d3 e6 6. Be2 Bg6 7. Nf3 Be7 8. Nbd2 Nbd7 9. c4 dxc4 10. Nxc4 Nb6 11. Nxb6 axb6 12. 0-0 0-0 13. d4 Nd5 14. Bd3 Bxd3 15. Qxd3 Rc8 16. b5 Nf6 17. bxc6 bxc6 18. Rac1 c5 19. dxc5 Qxd3 20. Bxf6 Bxf6 21. cxb6 Rxc1 22. Rxc1 Qxa3 23. Rd1 Rd8 24. Rf1 Qb4 25. Nd4 Bxd4 26. exd4 Qxb6 27. Rd1 Rxd4 28. Rc1 h6 29. h3 Qb2 30. Rf1 Rd2 31. Kh2 Rxf2 32. Rg1 Rxg2+ 33. Rxg2 Qxg2+ 34. Kxg2 Kh7 35. Kf3 f6 36. Kf4 g6 37. h4 Kg7 38. Ke4 Kf7 39. Kf4 Ke7 40. Ke4 Kd6 41. Kd4 e5+ 42. Ke4 f5+ 43. Kf3 Kd5 44. Ke3 f4+ 45. Kf3 g5 46. h5 e4+ 47. Kg4 Ke5 48. Kh3 e3 49. Kg2 Ke4 50. Kf1 f3 51. Ke1 Kf4 52. Kf1 Kg4 53. Kg1 Kxh5 54. Kf1 Kg4 55. Kg1 h5 56. Kf1 h4 57. Kg1 h3 58. Kh1 e2 59. Kh2 Kh4 60. Kg1 e1Q+ 61. Kh2 Qf2+ 62. Kh1 Qg2# 0-1

[Event "Sofia MGU blitz 22nd"]
[Site "Sofia"]
[Date "2018.03.03"]
[Round "9"]
[White "Ferdov, Stavri"]
[Black "Babatov, Martin"]
[Result "1-0"]
[WhiteElo "1701"]
[BlackElo "1746"]
[PlyCount "95"]
[EventDate "2018.03.03"]
[EventType "tourn (blitz)"]
[EventRounds "14"]
[EventCountry "BUL"]
[SourceTitle "EXT 2021"]
[Source "ChessBase"]
[SourceDate "2020.10.23"]
[SourceVersion "1"]
[SourceVersionDate "2020.10.23"]
[SourceQuality "1"]

1. d4 c6 2. c4 d5 3. e3 Nf6 4. Nc3 e6 5. Nf3 Be7 6. Be2 Nbd7 7. 0-0 0-0 8. c5 b6 9. b4 a5 10. b5 cxb5 11. c6 Nb8 12. Bxb5 Ba6 13. Qe2 Bxb5 14. Qxb5 Qc7 15. Ne5 Bb4 16. Bb2 Bxc3 17. Bxc3 Ne4 18. Bb2 Rc8 19. Rac1 Nd6 20. Qd3 f6 21. Nf3 Nxc6 22. Rc2 Qd7 23. Rfc1 Nb4 24. Rxc8+ Rxc8 25. Rxc8+ Qxc8 26. Qe2 Qc2 27. Qxc2 Nxc2 28. Kf1 Nc4 29. Bc3 b5 30. Ke2 b4 31. Bd2 Nxd2 32. Kxd2 Na3 33. Ne1 Nc4+ 34. Kc2 Kf7 35. Nd3 Ke7 36. Kb3 Kd6 37. Nc5 e5 38. Nb7+ Kc6 39. Nd8+ Kd7 40. Nf7 Ke7 41. Nh8 Kf8 42. dxe5 fxe5 43. f4 exf4 44. exf4 g6 45. g4 Kg7 46. Nxg6 hxg6 47. h4 d4 48. Kxc4 1-0

[Event "Sofia MGU blitz 22nd"]
[Site "Sofia"]
[Date "2018.03.03"]
[Round "1"]
[White "Mihalev, Daniil"]
[Black "Babatov, Martin"]
[Result "0-1"]
[WhiteElo "1693"]
[BlackElo "1746"]
[PlyCount "92"]
[EventDate "2018.03.03"]
[EventType "tourn (blitz)"]
[EventRounds "14"]
[EventCountry "BUL"]
[SourceTitle "EXT 2021"]
[Source "ChessBase"]
[SourceDate "2020.10.23"]
[SourceVersion "1"]
[SourceVersionDate "2020.10.23"]
[SourceQuality "1"]

1. e4 c6 2. d4 d5 3. Nc3 dxe4 4. Nxe4 Bf5 5. Ng3 Bg6 6. h4 h6 7. h5 Bh7 8. Nf3 Nd7 9. Bd3 Bxd3 10. Qxd3 e6 11. Bf4 Ngf6 12. 0-0-0 Qb6 13. Qb3 Qxb3 14. axb3 Nb6 15. c3 Nbd5 16. Be3 0-0-0 17. b4 Bd6 18. Nf1 Ne4 19. N3d2 Nxe3 20. fxe3 Nf2 21. Nh2 Nxh1 22. Rxh1 Bxh2 23. Rxh2 Rd5 24. e4 Rg5 25. Nf3 Rg4 26. e5 f6 27. exf6 gxf6 28. Kd2 Rhg8 29. Ne1 Kd7 30. Ke2 Kd6 31. Kf3 Rg3+ 32. Ke2 Kd5 33. Rh4 R8g4 34. Rh1 Ke4 35. Rf1 f5 36. Rf2 Re3+ 37. Kd2 f4 38. Nf3 Rd3+ 39. Kc2 Ke3 40. Rf1 Rxg2+ 41. Kb1 Rf2 42. Rxf2 Kxf2 43. Ne5 Rd2 44. Ng4+ Kg3 45. Nxh6 f3 46. Nf7 f2 0-1

[Event "Sofia MGU blitz 12th"]
[Site "Sofia"]
[Date "2017.12.09"]
[Round "3"]
[White "Babatov, Martin"]
[Black "Simeonov, Daniel"]
[Result "1-0"]
[WhiteElo "1578"]
[BlackElo "1522"]
[PlyCount "89"]
[EventDate "2017.12.09"]
[EventType "tourn (blitz)"]
[EventRounds "10"]
[EventCountry "BUL"]
[SourceTitle "CBM 182 Extra"]
[Source "ChessBase"]
[SourceDate "2018.02.23"]
[SourceVersion "1"]
[SourceVersionDate "2018.02.23"]
[SourceQuality "1"]

1. d4 d5 2. Bf4 Nc6 3. e3 Nf6 4. c4 Bf5 5. Nc3 e6 6. c5 a6 7. Nf3 h6 8. h3 Ne4 9. Nxe4 Bxe4 10. Bd3 Bxd3 11. Qxd3 f5 12. 0-0 Be7 13. Rfb1 g5 14. Bh2 g4 15. hxg4 fxg4 16. Qg6+ Kd7 17. Qxg4 Qg8 18. Qxg8 Raxg8 19. Ne5+ Nxe5 20. Bxe5 Rh7 21. b4 Rf7 22. a4 Bh4 23. g3 Bg5 24. b5 a5 25. Kg2 Rgf8 26. Rf1 h5 27. Ra2 h4 28. Rh1 Rh7 29. Bf4 Be7 30. Rh2 Rff7 31. Ra1 Rf8 32. Rah1 Rfh8 33. gxh4 Bf6 34. Be5 Rg8+ 35. Kf1 Rhg7 36. Bxf6 Rg6 37. Be5 Rf8 38. h5 Rh6 39. Bf4 Rh7 40. Rg2 Rfh8 41. h6 Rf8 42. Rg7+ Rxg7 43. hxg7 Rf7 44. g8Q b6 45. Qxf7+ 1-0